| 000 | 00799nam a2200193 a 4500 | ||
|---|---|---|---|
| 003 | 0 | ||
| 005 | 20250415072525.0 | ||
| 008 | 060801s19uu xx 00 eng d | ||
| 050 |
_aPHS HM 851 _b.N39 2006 |
||
| 100 | _aNazareno, Angelo Jose A. | ||
| 245 |
_aPerceptions of fourth year high school students on the effects of internet on their interpersonal relationships / _cAngelo Jose A. Nazareno. |
||
| 260 |
_aLas PiƱas City, Philippines : _bSouthville International School and Colleges, _c2006. |
||
| 300 |
_a26 pages : _billustrations ; _c28 cm. |
||
| 504 | _aIncludes bibliographical references. | ||
| 650 |
_aTeenagers _xEffect of Internet use on social skills. |
||
| 650 |
_aInternet _xSocial aspects _vTeenagers. |
||
| 650 |
_aOnline social networks _xInfluence on youth. |
||
| 942 |
_2lcc _cPASS |
||
| 999 |
_c97650 _d97650 |
||